| 000 | 00329nam a2200109 4500 | ||
|---|---|---|---|
| 999 |
_c507360 _d507360 |
||
| 082 | _aL906x54114 1992-93 | ||
| 100 |
_aGovernment of Mizoram _91480 |
||
| 245 | _aReport of the Comptroller and Auditor General of India, 1992-93 | ||
| 260 |
_aAizawl _bComptroller and Auditor General of India _c1993 |
||
| 300 | _a155p. | ||
| 942 | _2ddc | ||